书目信息 |
| 题名: |
整合与贯通
|
|
| 作者: | 刘婧 主编 | |
| 分册: | 上 | |
| 出版信息: | 北京 学苑出版社 2018.12 |
|
| 页数: | 156页 | |
| 开本: | 26cm | |
| 丛书名: | ||
| 单 册: | ||
| 中图分类: | G632.3 | |
| 科图分类: | ||
| 主题词: | 活动课程--教学研究--中小学 | |
| 电子资源: | ||
| ISBN: | 978-7-5077-5637-1 | |
| 000 | 00802nam0 2200229 45 | |
| 001 | 012001001166 | |
| 005 | 20210922155449.11 | |
| 010 | @a978-7-5077-5637-1@dCNY39.00 | |
| 100 | @a20190921d2018 em y0chiy0110 ea | |
| 101 | 0 | @achi |
| 102 | @aCN@b110000 | |
| 105 | @aa z 000yy | |
| 106 | @ar | |
| 200 | 1 | @a整合与贯通@Azheng he yu guan tong@e推进综合实践活动课程初探@h上@f刘婧主编@FLiu Jing Zhu Bian |
| 210 | @a北京@c学苑出版社@d2018.12 | |
| 215 | @a156页@c图,照片@d26cm | |
| 330 | @a本书共分为四篇,主要内容包括:初中综合实践活动案例、综合实践活动之走中轴、初中跨学科综合实践活动课案例、关于综合实践活动课程的总结与思考。 | |
| 606 | 0 | @a活动课程@x教学研究@x中小学 |
| 690 | @aG632.3@v5 | |
| 701 | 0 | @a刘婧@Aliu jing@4主编 |
| 801 | @aCN@bAHXH@c20210922 | |
| 905 | @b1247892-6@dG632.3@e1049:1@f5 | |
| 整合与贯通:推进综合实践活动课程初探.上/刘婧主编.-北京:学苑出版社,2018.12 |
| 156页:图,照片;26cm |
| ISBN 978-7-5077-5637-1:CNY39.00 |
| 本书共分为四篇,主要内容包括:初中综合实践活动案例、综合实践活动之走中轴、初中跨学科综合实践活动课案例、关于综合实践活动课程的总结与思考。 |
| ● |
| 相关链接 |
|
|
|
|
正题名:整合与贯通
索取号:G632.3/1049:1
 
预约/预借
| 序号 | 登录号 | 条形码 | 馆藏地/架位号 | 状态 | 备注 |
| 1 | 1247892 | 212478923 | 第一样本阅览室/ [索取号:G632.3/1049:1] | 在馆 | |
| 2 | 1247893 | 212478932 | 教育系资料室/ [索取号:G632.3/1049:1] | 在馆 | |
| 3 | 1247894 | 212478941 | 教育系资料室/ [索取号:G632.3/1049:1] | 在馆 | |
| 4 | 1247895 | 212478950 | 第四借阅区/ [索取号:G632.3/1049:1] | 在馆 | |
| 5 | 1247896 | 212478969 | 第四借阅区/ [索取号:G632.3/1049:1] | 在馆 |